00629nam a2200205Ia 450000500170000000800410001702000220005804100080008008200150008810000210010324500140012426000370013830000090017550000280018465000360021270000210024894200070026999900170027695201300029320251120191845.0230125s9999 xx 000 0 und d a978-81-89988-96-8 aeng a158.1bDYE aDyer W W9214886 aThe Shift c2010bHay House IndiaaNew Delhi a119p aPersonality Development aPersonality Development9213420 aDyer W W9214886 cDB c92803d92803 00104070aHIMRbHIMRd2012-03-22eSatya Gilanio158.1 DYE DB1730pHIMR-DB-1730r2023-01-25 00:00:00w2012-03-22yDBzDB1730